000 01022cam a22002054a 4500
005 20250605164024.0
008 250528s ||||||||||||||||||||||||d
035 _a16455
020 _a136607055
040 _aGR-AtMCL
_bgre
_dGR-AtMCL
_eAACR2
245 1 _aTelecommunications Systems and Technology
260 _bPrentice Hall,
_c2000
300 _a526
520 _aThis book provides a clear and complete introduction to the operations common to many telecommunications systems. Basic Concepts, Digital Transmission, T1/ T3 Applications and Subscriber Loop Carrier Systems, Switching Systems, Computer Telephony and Applications, Modem Communications, Protocols and Standards, Broadband ISDN and ATM, Basics of Local Area Networks, Internet Working with TCP/ IP, Introduction to Wireless Communications, Multimedia Communications, Selected Bibliography, Glossary, Acronyms, Index.
700 1 _aBarnes William E.
_92551
700 1 _aKhader Michael
_92552
942 _cBK
999 _c1954
_d1954